000 00353nam a2200133Ia 4500
008 100328s9999 xx 000 0 und d
082 _b30370
100 _aमिराशी वा. वि.
245 _aकालिदास
260 _bव्हीनस
630 _aकालिदास
730 _aकालिदास
942 _cBOOK
999 _c521343
_d521340